| 000 | 00615 a2200193 4500 | ||
|---|---|---|---|
| 999 |
_c8894 _d8894 |
||
| 020 | _a9781292004020 | ||
| 050 | 0 | 0 | _aKD1629 MAC 2014 |
| 100 | 1 |
_aMacIntyre, Ewan, _eauthor. |
|
| 245 | 1 | 0 |
_aBusiness law / _cEwan MacIntyre. |
| 250 | _aSeventh edition. | ||
| 264 | 1 |
_aHarlow, Essex, United Kingdom : _bPearson Education Limited, _c2014. |
|
| 300 | _a756p. : | ||
| 500 | _aIncludes index | ||
| 504 | _aIncludes bibliographical references | ||
| 650 | 0 | _aCommercial law | |
| 650 | 0 |
_aBusiness enterprises _xLaw and legislation |
|
| 942 |
_2lcc _cBK _e7th ed. _h1629 _iMAC _kKD |
||